Percy Jackson: female charecters - Statistics

General Stats
  • This quiz has been taken 167 times
  • The average score is 13 of 17
Answer Stats
Hint Answer % Correct
Daughter of Athena, girl friend of Percy Jackson Annabeth
100%
Daughter of Zeus, sister of Jason Thalia
98%
Daughter of Atlas, last words: "Stars. I can see the stars again, m'lady" Zoe
97%
Sister of Nico, dies in battle Bianca
96%
Daughter of Ares, camp Half-Blood bully Clarisse
96%
New orcal of Delhpy, carries a blue plastic hairbrush Rachel
96%
Mother of Percy Jackson Sally
96%
Can summon cursed gold, rides Arion Hazel
94%
Part Cheroke, can charm speak Piper
94%
Very fierce prator of New Rome Reyna
91%
Stranded on island, boys including Percy taken from her Calypso
90%
Percy Jackson's Hellhound Mrs O'Leary
79%
Daughter of Afrodite, girlfriend of Charles Beckondorf Selena
56%
Wears stoplight colored clothing Meg
46%
Former hunter of Artimis who quit to presue love Jo
26%
Former hunter of Artimiss who quit to presue love Emmie
24%
Little girl living in the Waystation Georgie
16%
No matching quizzes found
Score Distribution
Percent of People with Each Score
Percentile by Number Answered
Your Score History
You have not taken this quiz